Biblioteca

Vida cristiana desde la carta a los Gálatas (Registro nro. 68231)

Detalles MARC
000 -LÍDER
Campo fijo de descripción fija 01194nas a2200193 i 4500
001 - NÚMERO DE CONTROL
Campo de control 768714001
003 - IDENTIFICADOR DEL NÚMERO DE CONTROL
Campo de control CO-MdFUSB
005 - FECHA Y HORA DE LA ULTIMA TRANSACCIÓN
control field 20220929172535.0
008 - ELEMENTOS DE LONGITUD FIJA -- INFORMACIÓN GENERAL
Campo fijo de descripción fija -- Información general 220929s2013 ck ||||| |||| 00| 0 spa d
040 ## - FUENTE DE CATALOGACIÓN
Idioma de catalogación spa
Agencia que realiza la transcripción CO-MdFUSB
Agencia que realiza la modificación CO-MdFUSB
041 ## - CÓDIGO DE IDIOMA
Código de idioma para texto/pista de sonido o título separado spa
100 ## - ASIENTO PRINCIPAL--NOMBRE PERSONAL
Nombre personal Rosas Zambrano, Irma Alejandra,
Término relacionador autor
245 ## - TÍTULO
Título Vida cristiana desde la carta a los Gálatas
Mención de responsabilidad / Irma Alejandra Rosas Zambrano
300 ## - DESCRIPCIÓN FÍSICA
Extensión Núm 11 (2013), Páginas 79-92
Dimensiones ; 24 cm
520 ## - NOTA DE RESUMEN, ETC.
Nota de sumario, etc. La comunidad de los gálatas a la que se dirige San Pablo recoge la dinamica de las primeras comunidades cristianas y expresa algunas realidades a las que se veían enfrentados quienes acogían para sí la vida Jesucristo. Agunos temas, como la conversión, la justificación, el mandamiento del amor y la vivencia del Reino de Dios, centran la atención del Apóstol y de la comunidad de los gálatas. Además, esta carta ha sido objeto de discusión en cuanto a la justificación por parte de los cristianos católicos y la Reforma luterana.
650 #0 - ASIENTO SECUNDARIO DE MATERIA - TERMINO TEMÁTICO
9 (RLIN) 19
Término temático o nombre geográfico como elemento de entrada Vida cristiana
773 0# - ASIENTO DE ITEM FUENTE
Biblionumber 68226
Itemnumber 81332
Asiento principal Pontificia Universidad Javeriana
Otro identificador del ítem R2118
Título Reflexiones teológicas :
Número de control del registro (CO-MdFUSB)768714001
Número Internacional Normalizado para Publicaciones Seriadas (ISSN) 2011-1991
942 ## - TIPO DE MATERIAL (KOHA)
Tipo de Item KOHA Artículos de Revista

No hay ítems disponibles.

Biblioteca FUSBC | Teléfono: (57+4) 349 88 10 Ext. 141| WhatsApp (+57) 3005338115 
E-mail: biblioteca@unisbc.edu.co | Calle 76 87-14 Robledo Palenque, Medellín, Colombia

Con tecnología Koha